XVI wiek A-Z - Statystyki

Ogólne statystyki
  • Ten quiz został rozwiązany 108 razy
    74 od ostatniego zresetowania
  • Średni wynik to 12 z 23
Statystyki odpowiedzi
Wskazówka Odpowiedź % Poprawnych
H Teoria opracowana przez Mikołaja Kopernika, która obala stwierdzenie, że Ziemia znajduje się w centrum Wszechświata Teoria {heliocentryczna}
93%
A Gałęź chrześcijaństwa i odłam protestantyzmu, którego formalnym założycielem był Henryk VIII Anglikanizm
91%
L Nazwisko głównego współtwórcy wczesnej wersji protestantyzmu Luter
90%
M Nazwisko portugalskiego żeglarza, który jako pierwszy opłynął świat Magellan
85%
I Instytucja Kościoła katolickiego, która została utworzona w celu wyszukiwania, nawracania i karania heretyków Inkwizycja
78%
V Nazwisko włoskiego kupca i żeglarza, który "odkrył" Zatokę Wszystkich Świętych Amerigo {Vespucci}
75%
N Potoczna nazwa konstytucji sejmowej z 1505 r., która ograniczała kompetencje króla Polski Konstytucja {Nihil novi}
73%
Z Ostatni męski przedstawiciel dynastii Jagiellonów Zygmunt II August
70%
F Hiszpański konkwistador, który podbił imperium Inków. Jest także założycielem obecnej stolicy Peru {Francisco} Pizarro
69%
T Powszechny sobór Kościoła katolickiego, który był reakcją na ruch religijno-społeczny, w wyniku którego powstał protestantyzm Sobór {trydencki}
67%
J Przydomek króla Polski, który rządził w latach 1501-1506 Jagiellończyk
66%
G Papież, który wprowadził do użytku kalendarz gregoriański Grzegorz XIII
64%
R Ruch religijno-społeczny, w wyniku którego powstał protestantyzm Reformacja
54%
C Nazwisko hiszpańskiego konkwistadora, który zdobył Państwo Azteków Cortés
46%
K Król Francji w latach 1560-1574 Karol IX
43%
D Nazwisko angielskiego korsarza, który w latach 1577–1580 odbył wyprawę dookoła świata Drake
33%
W obraz pędzla włoskiego malarza Tycjana z 1538 roku. Obecnie znajduje się w Galerii Uffizi Wenus z Urbino
27%
S Pokój zawarty w 1570 r., który zakończył I wojnę północną Pokój w {Szczecinie}
15%
E Pałac położony niedaleko Madrytu, który został wybudowany 13 września 1584 roku Escorial
9%
U Szwajcarski przedstawiciel ruchu religijno-społecznego, w wyniku którego powstał protestantyzm Ulrich Zwingli
7%
B Pierwszy znany Europejczyk, który przedostał się przez Nowy Świat i ujrzał Ocean Spokojny Vasco Núñez de {Balboa}
7%
O Hiszpański odkrywca i konkwistador, pierwszy znany Europejczyk, który spłynął Amazonką do Oceanu Atlantyckiego Francisco de {Orellana}
6%
P Obraz autorstwa Rafaela przedstawiający Przemienienie Chrystusa na Taborze Przemienienie Pańskie
6%
Nie znaleziono quizów pasujących do podanych kryteriów
Rozkład punktacji
Procent ludzi z każdym wynikiem
Percentyl według liczby udzielonych odpowiedzi
Twoja historia wyników
Nie rozwiązałeś tego quizu od ostatniego zresetowania